Sports Quiz

Random Sports or University Quiz
Score 0/20 Timer 07:00
1 Play Today
Hint Answer % Correct
StateIndiana
80.5%
Team ColorYale Blue
78.9%
Team ColorWhite
78.9%
NicknameSycamores
78.1%
ConferenceMVC
52.5%
CityTerre Haute
44.3%
No. of Men's Varsity Sports6
21.7%
Basketball ArenaHulman Center
20.2%
Primary RivalEvansville
19.4%
Famous Alum: SF/PF Larry ____Bird
19.1%
Hint Answer % Correct
No. of Women's Varsity Sports8
15.4%
Football StadiumMemorial Stadium
13.3%
Primary RivalIllinois State
12.2%
Sport w/ most NCAA ChampionshipsMen's Gymnastics (1)
11.3%
MascotSycamore Sam
11.3%
Fight SongMarch On (You Fighting Sycamores)
10.7%
Famous Alum: Gymnast ____ ThomasKurt
10.2%
Primary RivalBall State
9%
Athletic DirectorSherard Clinkscales
8.8%
Baseball StadiumBob Warn Field
8.1%
Remove Ads.
Support Sporcle.
Get the best of Sporcle when you Go Orange. This ad-free experience offers more features, more stats, and more fun while also helping to support Sporcle. Thank you for becoming a member.

You're not logged in!

Compare scores with friends on all Sporcle quizzes.
OR
Log In

Show Comments

Extras

Top Quizzes Today


Score Distribution

Your Account Isn't Verified!

In order to create a playlist on Sporcle, you need to verify the email address you used during registration. Go to your Sporcle Settings to finish the process.

Report this User

Report this user for behavior that violates our Community Guidelines.

Details: